Riziká informačnej bezpečnosti v elektronickom podnikaní
Identifikácia rizík, ktoré negatívne pôsobia na informačné aktíva podnikov obchodujúcich na elektronickom trhu, a vyhodnotenie ich jednotlivých mier v elektronickom podnikaní. Riziká najviac ohrozujúce elektronické podnikanie sú výsledkom vplyvu hrozieb technického zlyhania (HRTZ) na počítačovú sieť...
Na minha lista:
| Autor principal: | |
|---|---|
| Outros Autores: | |
| Formato: | Capítulo de Livro |
| Idioma: | eslovaco |
| Assuntos: | |
| Tags: |
Sem tags, seja o primeiro a adicionar uma tag!
|
MARC
| LEADER | 00000nla a2200000 4500 | ||
|---|---|---|---|
| 001 | 0240183 | ||
| 005 | 20240502073910.7 | ||
| 041 | 0 | |a slo | |
| 044 | |a SK | ||
| 245 | 1 | 0 | |a Riziká informačnej bezpečnosti v elektronickom podnikaní |c Mojmír Kokles, František Korček |
| 520 | |a Identifikácia rizík, ktoré negatívne pôsobia na informačné aktíva podnikov obchodujúcich na elektronickom trhu, a vyhodnotenie ich jednotlivých mier v elektronickom podnikaní. Riziká najviac ohrozujúce elektronické podnikanie sú výsledkom vplyvu hrozieb technického zlyhania (HRTZ) na počítačovú sieť podniku (IASI). | ||
| 610 | 2 | 0 | |a technológie informačné |
| 610 | 2 | 0 | |a bezpečnosť informačná |
| 610 | 2 | 0 | |a riziko bezpečnostné |
| 610 | 2 | 0 | |a podnikanie elektronické |
| 100 | 1 | |a Kokles, Mojmír | |
| 700 | 1 | |a Korček, František | |